Library Logo

Committee on economic, social and cultural rights : (Record no. 246073)

000 -LEADER
fixed length control field 00747nam a22001937a 4500
003 - CONTROL NUMBER IDENTIFIER
control field BD-DhUL
005 - DATE AND TIME OF LATEST TRANSACTION
control field 20190203105118.0
008 - FIXED-LENGTH DATA ELEMENTS--GENERAL INFORMATION
fixed length control field 190203s2010 nyu |||| |||| 00| 0 eng
040 ## - CATALOGING SOURCE
Original cataloging agency BD-DhUL
Transcribing agency BD-DhUL
082 ## - DEWEY DECIMAL CLASSIFICATION NUMBER
Edition number 22
Classification number 330.95
Item number NUC
110 ## - MAIN ENTRY--CORPORATE NAME
Corporate name or jurisdiction name as entry element United Nations
245 ## - TITLE STATEMENT
Title Committee on economic, social and cultural rights :
Remainder of title Comreport on the forty-second and forty-third sessions (4-22 May 2009, 2-20 November 2009) /
Statement of responsibility, etc. United Nations.
260 ## - PUBLICATION, DISTRIBUTION, ETC. (IMPRINT)
Place of publication, distribution, etc. New York ; Geneva :
Name of publisher, distributor, etc. United Nations,
Date of publication, distribution, etc. 2010.
300 ## - PHYSICAL DESCRIPTION
Extent v, 158 p. ;
Dimensions 30 cm
500 ## - GENERAL NOTE
General note "Economic and social council, official records , 2010, supplement no. 2"
504 ## - BIBLIOGRAPHY, ETC. NOTE
Bibliography, etc Includes bibliographical references
650 #0 - SUBJECT ADDED ENTRY--TOPICAL TERM
Topical term or geographic name as entry element Economic situations and conditions
942 ## - ADDED ENTRY ELEMENTS (KOHA)
Source of classification or shelving scheme
Koha item type Books
Holdings
Price effective from Date last seen Permanent Location Not for loan Date acquired Source of classification or shelving scheme Koha item type Lost status Withdrawn status Source of acquisition Collection code Damaged status Shelving location Barcode Current Location Full call number
2019-02-032019-02-03Dhaka University LibraryNot For Loan2019-02-03 Books  GiftNon Fiction UN CollectionD23390Dhaka University Library330.95 NUC
Last Updated on September 15, 2019
© Dhaka University Library. All Rights Reserved|Staff Login